| 000 | 00000nas##2200000za#4500 |
| 001 | 9.515120 |
| 003 | CaOODSP |
| 005 | 20200813121820 |
| 007 | ta |
| 008 | 150406c2003||||xxc|| m #||||f| |0eng|d |
| 022 | |a1707-1720 |
| 040 | |aCaOODSP|beng |
| 043 | |an-cn--- |
| 086 | 1 |aCS13-604E |
| 245 | 00|aIncome and expenditure accounts technical series / |c[By] Income and Expenditure Accounts Division. |
| 260 | |aOttawa - Ontario : |bStatistics Canada |
| 310 | |aIrregular |
| 520 | 3 |aProvide background information as well as in depth analysis on data reported in any of the following accounts: income and expenditure accounts, provincial economic accounts, financial flow accounts, national balance sheet accounts, estimates of labour income, and national tourism indicators. |
| 563 | |aSoftcover |
| 690 | 07|aPublic accounts|2gcpds |
| 710 | 2 |aStatistics Canada. |
| 775 | 08|tIncome and expenditure accounts technical series / |w(CaOODSP)9.511156 |
| 775 | 08|tComptes des revenus et dépenses série technique / |w(CaOODSP)9.511157 |
| 775 | 08|tComptes des revenus et dépenses série technique / |w(CaOODSP)9.513449 |
| 776 | 0#|tIncome and expenditure accounts technical series / |w(CaOODSP)9.504709 |